Treatment of the Chronic Non-specific Respiratory Diseases in the High Tatras at the Present Time and in the Future

Bibliographic Details
Main Authors: Salát, Dušan, 1947-2016 (Author), Salátová, V. (Author)
Format: Article
Language:English
Slovak
Subjects:

MARC

LEADER 00000nab a2200000 a 4500
001 vtls000418789
003 SK-MaSNL
005 20260318125019.0
008 220423c1988 xo 0 eng
015 |a SNBRA19rr/mm-uuuuu 
035 |a CL0418914 
040 |a SNKBUCL  |b slo  |c SNKBUCL  |e AACR2 
041 0 |a slo 
044 |a xo  |c SK 
080 |a 616.2:615.834  |2 1981 
080 |a 615.834  |2 1981 
080 |a 613.1  |2 1981 
100 1 |a Salát, Dušan,  |d 1947-2016  |4 aut  |9 209695 
245 1 0 |a Treatment of the Chronic Non-specific Respiratory Diseases in the High Tatras at the Present Time and in the Future  |c D. Salát, V. Salátová 
650 0 7 |a choroby dýchacích ústrojov  |2 snkbucl  |9 80832 
650 0 7 |a klimatoterapia  |2 snkbucl  |9 13930 
651 7 |a Vysoké Tatry (Poľsko a Slovensko : pohorie)  |2 snkbucl  |9 67729 
655 7 |a články zo zborníkov  |2 snkbucl  |9 166140 
700 1 |a Salátová, V.  |4 aut  |9 1236555 
773 0 |t Symposium of human biometeorology  |d Bratislava, 1988 
850 |a Slovenská národná knižnica v Martine  |a MTA001 
852 |a SNK  |b KIS3GCP 
958 |a RK 
958 |a ME 
992 |a RZB 
999 |c 2612521  |d 2614451